Brazilian Formula One Winners - Statistics

General Stats
  • This quiz has been taken 411 times
    370 since last reset
  • The average score is 5 of 6
Answer Stats
First win (year) Driver % Correct
1985 Ayrton Senna
96%
2006 Felipe Massa
93%
1980 Nelson Piquet
90%
2000 Rubens Barrichello
87%
1970 Emerson Fittipaldi
85%
1975 José Carlos Pace
48%
No matching quizzes found
Score Distribution
Percent of People with Each Score
Percentile by Number Answered
Your Score History
You have not taken this quiz since the last reset